[Event "10. Lega Veneta Magistrale"]
[Site "Padova"]
[Date "1986.12.21"]
[Round "8"]
[White "Solinas, Carlo"]
[Black "Ruggeri, Pietro"]
[Result "0-1"]
[WhiteElo "1900"]
[BlackElo "1982"]
[Annotator "Gabriele Ballarin"]
[PlyCount "116"]
[EventDate "1986.12.13"]
[EventType "tourn"]
[EventRounds "8"]
[EventCountry "ITA"]
[SourceTitle "Ballarin Gabriele"]
[Source "Ballarin Gabrie"]
[SourceDate "2001.01.01"]
[SourceVersion "1"]
[SourceVersionDate "2001.01.01"]
[SourceQuality "1"]

1. e4 e5 2. Nf3 Nf6 3. Bc4 Nc6 4. d4 Nxe4 5. dxe5 Nc5 6. Nc3 d6 7. Qe2 Be6 8. exd6 Bxd6 9. Bg5 Qd7 10. O-O-O O-O 11. Be3 Bxc4 12. Qxc4 Qe6 13. Rd5 Nd7 14. Ng5 Qg6 15. Qe4 Nf6 16. Qxg6 hxg6 17. Rdd1 Ng4 18. h4 Nxe3 19. fxe3 Bc5 20. Rhe1 Rad8 21. Kb1 Ne5 22. Rd5 Rxd5 23. Nxd5 c6 24. Nf4 Ng4 25. e4 Rd8 26. Nd3 Bd4 27. Nf3 c5 28. c3 Bxc3 29. bxc3 Rxd3 30. Kc2 c4 31. Re2 f6 32. a4 b6 33. Nd4 Kf7 34. Nb5 a6 35. Na3 Ne3+ 36. Kb2 Nd1+ 37. Kc2 Rxc3+ 38. Kxd1 Rxa3 39. Rb2 Rb3 40. Rc2 c3 41. Rc1 Ra3 42. Rb1 Rxa4 43. Rxb6 Rxe4 44. Rb7+ Kg8 45. Rc7 Rxh4 46. Rxc3 Re4 47. Ra3 Re6 48. Kd2 Kf7 49. Kd3 f5 50. g3 Kf6 51. Kd4 g5 52. Kd5 g4 53. Rb3 g5 54. Rb8 Re3 55. Rb6+ Kf7 56. Rxa6 Rxg3 57. Ra7+ Kg6 58. Ra6+ Kh5 0-1

[Event "10. Lega Veneta Magistrale"]
[Site "Padova"]
[Date "1986.12.21"]
[Round "8"]
[White "Zanini, Giuseppe"]
[Black "Guerra, Alessandro"]
[Result "1-0"]
[WhiteElo "1900"]
[BlackElo "1900"]
[Annotator "Gabriele Ballarin"]
[PlyCount "125"]
[EventDate "1986.12.13"]
[EventType "tourn"]
[EventRounds "8"]
[EventCountry "ITA"]

1. d4 f5 2. Nf3 Nf6 3. g3 e6 4. Bg2 Bb4+ 5. c3 Be7 6. O-O O-O 7. c4 d6 8. Nc3 Nc6 9. b3 Bd7 10. Bb2 Qe8 11. d5 Nd8 12. dxe6 Nxe6 13. Nd4 Ng5 14. Qd3 Ng4 15. h4 c5 16. Nf3 Ne6 17. Nd5 Bc6 18. e3 Rd8 19. Rad1 Bf6 20. Bxf6 Nxf6 21. Nd2 Ng4 22. Nb1 g5 23. hxg5 Qh5 24. Rfe1 Nxg5 25. Nd2 Qh2+ 26. Kf1 Ne5 27. Qe2 Nh3 28. Bxh3 Qxh3+ 29. Kg1 Bxd5 30. cxd5 Rf6 31. Qf1 Qh5 32. Qg2 Rh6 33. f3 Nd3 34. Re2 Rd7 35. Nc4 Ne5 36. Nxe5 dxe5 37. Kf2 Rhd6 38. Rh1 Qg6 39. e4 fxe4 40. fxe4 Rf6+ 41. Ke1 Rdf7 42. Re3 Qg5 43. Qe2 Qg7 44. Rh2 Qf8 45. Qh5 Rf1+ 46. Kd2 Qd8 47. Qxe5 Qa5+ 48. Qc3 Qxa2+ 49. Qc2 Qa5+ 50. Kd3 Qb4 51. Qc3 Rd1+ 52. Kc2 Qxc3+ 53. Rxc3 Re1 54. Rxc5 Rxe4 55. Rd2 Rd7 56. d6 Rg4 57. Rc8+ Kf7 58. Rc7 Ke6 59. Rc4 Rxd6 60. Re2+ Kd7 61. Rf2 Rg7 62. Rf3 Rxg3 63. Rxg3 1-0

[Event "47.Camp. Italiano ITA"]
[Site "Chianciano Terme ITA"]
[Date "1987.05.23"]
[Round "1"]
[White "Mantovani, Renzo"]
[Black "Cassai, Paolo"]
[Result "1-0"]
[WhiteElo "2260"]
[BlackElo "2072"]
[Annotator "Gabriele Ballarin"]
[PlyCount "99"]
[EventDate "1987.05.23"]
[EventType "tourn"]
[EventRounds "13"]
[EventCountry "ITA"]
[SourceTitle "EXT 2002"]
[Source "ChessBase"]
[SourceDate "2001.11.25"]
[SourceVersion "1"]
[SourceVersionDate "2001.11.25"]
[SourceQuality "1"]

1. Nf3 f5 2. d4 Nf6 3. c4 g6 4. Nc3 Bg7 5. g3 O-O 6. Bg2 d6 7. O-O Nc6 8. b3 e5 9. dxe5 dxe5 10. Ba3 Re8 11. Qxd8 Rxd8 12. e4 fxe4 13. Ng5 Nd4 14. Ncxe4 Nxe4 15. Nxe4 Bf5 16. Be7 Re8 17. Nf6+ Bxf6 18. Bxf6 c6 19. Rad1 Re6 20. Bg5 Rae8 21. Rd2 Kg7 22. h3 h6 23. Be3 Rd6 24. g4 Bc8 25. f4 Red8 26. fxe5 Nf3+ 27. Bxf3 Rxd2 28. Bxd2 Rxd2 29. Rf2 Rd3 30. Kg2 a5 31. Re2 Be6 32. Be4 Rd1 33. Kf2 a4 34. Ke3 h5 35. gxh5 gxh5 36. Rg2+ Kf8 37. h4 axb3 38. axb3 Bg4 39. Ra2 Ke7 40. Ra7 Rd7 41. Ra8 Ke6 42. Re8+ Kf7 43. Rh8 Ke6 44. Bg6 Rg7 45. Bxh5 Kxe5 46. Rh6 Bf5 47. Bf3 Rg3 48. Rh5 Rh3 49. c5 Rh2 50. Bg4 1-0

[Event "47.Camp. Italiano ITA"]
[Site "Chianciano Terme ITA"]
[Date "1987.05.24"]
[Round "2"]
[White "Arlandi, Ennio"]
[Black "Passerotti, Pierluigi"]
[Result "0-1"]
[WhiteElo "2325"]
[BlackElo "2320"]
[Annotator "Gabriele Ballarin"]
[PlyCount "66"]
[EventDate "1987.05.23"]
[EventType "tourn"]
[EventRounds "13"]
[EventCountry "ITA"]

1. d4 d6 2. c4 e5 3. d5 f5 4. Nc3 Be7 5. g3 Nf6 6. Bg2 O-O 7. Qc2 Qe8 8. Bd2 c5 9. a3 Na6 10. e4 Qg6 11. Nge2 f4 12. f3 Bd7 13. O-O-O Nc7 14. Rdg1 fxg3 15. hxg3 b5 16. cxb5 Rab8 17. f4 Bg4 18. fxe5 dxe5 19. Bh3 Bxh3 20. Rxh3 Ng4 21. Qa4 a6 22. bxa6 Qb6 23. b3 Qxb3 24. Qxb3 Rxb3 25. a4 c4 26. Nd1 Nxa6 27. Rhh1 Nf2 28. Nxf2 Rxf2 29. Kd1 Nc5 30. Nc3 Nd3 31. Be1 Nxe1 32. Kxe1 Rc2 33. Nd1 Bb4+ 0-1

[Event "47.Camp. Italiano ITA"]
[Site "Chianciano Terme ITA"]
[Date "1987.05.24"]
[Round "2"]
[White "Bellia, Fabrizio"]
[Black "Anceschi, Vittorio"]
[Result "1/2-1/2"]
[WhiteElo "2313"]
[BlackElo "2262"]
[Annotator "Gabriele Ballarin"]
[PlyCount "49"]
[EventDate "1987.05.23"]
[EventType "tourn"]
[EventRounds "13"]
[EventCountry "ITA"]

1. e4 e6 2. d4 d5 3. Nd2 Nf6 4. e5 Ne4 5. Bd3 Nxd2 6. Bxd2 c5 7. dxc5 Nd7 8. Nf3 Nxc5 9. Be2 Bd7 10. O-O Ne4 11. Be3 Qa5 12. Nd4 Be7 13. Nb3 Qc7 14. f4 O-O 15. Kh1 a6 16. Nd4 Rac8 17. c3 f6 18. f5 fxe5 19. fxe6 exd4 20. exd7 Rxf1+ 21. Bxf1 Qxd7 22. Bxd4 Qf5 23. Be2 Rf8 24. Bf3 Bd6 25. Qg1 1/2-1/2

[Event "47.Camp. Italiano ITA"]
[Site "Chianciano Terme ITA"]
[Date "1987.05.24"]
[Round "2"]
[White "Braga, Fernando Alberto"]
[Black "Martorelli, Antonio"]
[Result "1-0"]
[WhiteElo "2390"]
[BlackElo "2256"]
[Annotator "Gabriele Ballarin"]
[PlyCount "53"]
[EventDate "1987.05.23"]
[EventType "tourn"]
[EventRounds "13"]
[EventCountry "ITA"]

1. e4 c5 2. Nf3 e6 3. d4 cxd4 4. Nxd4 a6 5. Be2 Nf6 6. Nc3 d6 7. O-O Be7 8. f4 Qc7 9. a4 Nc6 10. Kh1 O-O 11. Be3 Bd7 12. Nb3 Nb4 13. a5 Bc6 14. Bf3 d5 15. e5 Ne4 16. Bb6 Qc8 17. Nd4 f5 18. exf6 Bxf6 19. Qe2 Bxd4 20. Bxd4 Rxf4 21. Bxe4 Rxf1+ 22. Rxf1 dxe4 23. Nxe4 Qd8 24. Qg4 e5 25. Bxe5 Qe7 26. Nf6+ Kh8 27. Qf5 1-0

[Event "47.Camp. Italiano ITA"]
[Site "Chianciano Terme ITA"]
[Date "1987.05.24"]
[Round "2"]
[White "Cassai, Paolo"]
[Black "Tatai, Stefano"]
[Result "0-1"]
[WhiteElo "2072"]
[BlackElo "2439"]
[Annotator "Gabriele Ballarin"]
[PlyCount "88"]
[EventDate "1987.05.23"]
[EventType "tourn"]
[EventRounds "13"]
[EventCountry "ITA"]

1. e4 c5 2. Nf3 d6 3. d4 cxd4 4. Nxd4 Nf6 5. Nc3 a6 6. f4 Nbd7 7. Be3 Qc7 8. Qf3 Nc5 9. h3 b5 10. O-O-O e6 11. f5 Bb7 12. fxe6 fxe6 13. a3 e5 14. Nf5 Ncxe4 15. Nxe4 Bxe4 16. Qf2 Qd7 17. Ng3 Bg6 18. h4 h6 19. Bd3 e4 20. h5 Bh7 21. Be2 Be7 22. Bf4 O-O 23. Qe3 Qe6 24. Qd4 Ne8 25. Be3 Bf6 26. Qd5 Qxd5 27. Rxd5 Be5 28. Rh3 Nc7 29. Rd1 Ne6 30. Bg4 Nf4 31. Bxf4 Rxf4 32. Be6+ Kh8 33. Bd5 Raf8 34. Re1 Rg4 35. Nxe4 Rxg2 36. Kb1 Rg4 37. Re2 Rg1+ 38. Ka2 Rd1 39. c4 Rd4 40. Nc5 bxc4 41. Be4 Bg8 42. Nd7 c3+ 43. Kb1 Rf1+ 44. Kc2 cxb2 0-1

[Event "47.Camp. Italiano ITA"]
[Site "Chianciano Terme ITA"]
[Date "1987.05.24"]
[Round "2"]
[White "Lanzani, Mario"]
[Black "Mantovani, Renzo"]
[Result "1/2-1/2"]
[WhiteElo "2267"]
[BlackElo "2260"]
[Annotator "Gabriele Ballarin"]
[PlyCount "21"]
[EventDate "1987.05.23"]
[EventType "tourn"]
[EventRounds "13"]
[EventCountry "ITA"]

1. e4 e5 2. Nf3 Nf6 3. d4 Nxe4 4. Bd3 d5 5. Nxe5 Nd7 6. Nxf7 Qe7 7. Nxh8 Nc3+ 8. Kd2 Nxd1 9. Re1 Nxf2 10. Bxh7 Ne4+ 11. Rxe4 1/2-1/2

[Event "47.Camp. Italiano ITA"]
[Site "Chianciano Terme ITA"]
[Date "1987.05.24"]
[Round "2"]
[White "Vallifuoco, Giacomo"]
[Black "Godena, Michele"]
[Result "1/2-1/2"]
[WhiteElo "2303"]
[BlackElo "2366"]
[Annotator "Gabriele Ballarin"]
[PlyCount "31"]
[EventDate "1987.05.23"]
[EventType "tourn"]
[EventRounds "13"]
[EventCountry "ITA"]

1. d4 d5 2. c4 e6 3. Nc3 c5 4. cxd5 exd5 5. Nf3 Nc6 6. g3 Nf6 7. Bg2 Be6 8. O-O h6 9. Be3 c4 10. Ne5 Bb4 11. Qa4 Bxc3 12. Nxc6 Qd7 13. bxc3 O-O 14. Rab1 Bf5 15. Rb2 bxc6 16. Bf4 1/2-1/2

[Event "47.Camp. Italiano ITA"]
[Site "Chianciano Terme ITA"]
[Date "1987.05.25"]
[Round "3"]
[White "Martorelli, Antonio"]
[Black "Cassai, Paolo"]
[Result "1-0"]
[WhiteElo "2256"]
[BlackElo "2072"]
[Annotator "Gabriele Ballarin"]
[PlyCount "101"]
[EventDate "1987.05.23"]
[EventType "tourn"]
[EventRounds "13"]
[EventCountry "ITA"]
[SourceTitle "EXT 2002"]
[Source "ChessBase"]
[SourceDate "2001.11.25"]
[SourceVersion "1"]
[SourceVersionDate "2001.11.25"]
[SourceQuality "1"]

1. e4 e5 2. Nf3 Nc6 3. Bb5 Nge7 4. Nc3 g6 5. d4 exd4 6. Nd5 Nxd5 7. exd5 Qe7+ 8. Be2 d3 9. Qxd3 Ne5 10. Nxe5 Qxe5 11. Bd2 a5 12. a3 f6 13. Bc3 Qd6 14. O-O Bh6 15. Qh3 Bg7 16. Bc4 O-O 17. Qg3 Qc5 18. Qd3 Qd6 19. Rae1 b6 20. Qg3 f5 21. Re7 Rf7 22. Re8+ Rf8 23. Rfe1 Bb7 24. Rxa8 Bxa8 25. Re7 Rf7 26. Rxf7 Kxf7 27. Qxd6 cxd6 28. Bxg7 Kxg7 29. f4 Kf6 30. Kf2 Ke7 31. a4 Bb7 32. Ke3 h6 33. Kd4 Kf6 34. Bb5 Bc8 35. Bd3 Bb7 36. Bb5 Bc8 37. c3 g5 38. Ke3 Bb7 39. Bc4 Bc8 40. Bd3 Bb7 41. Bc4 Bc8 42. Kf3 g4+ 43. Kg3 Kg6 44. Bd3 Bb7 45. c4 Ba6 46. b3 Bb7 47. Kh4 Ba6 48. h3 gxh3 49. g4 Kf6 50. Bxf5 h2 51. Be4 1-0

[Event "47.Camp. Italiano ITA"]
[Site "Chianciano Terme ITA"]
[Date "1987.05.26"]
[Round "4"]
[White "Braga, Fernando Alberto"]
[Black "Cassai, Paolo"]
[Result "1/2-1/2"]
[WhiteElo "2390"]
[BlackElo "2072"]
[Annotator "Gabriele Ballarin"]
[PlyCount "33"]
[EventDate "1987.05.23"]
[EventType "tourn"]
[EventRounds "13"]
[EventCountry "ITA"]
[SourceTitle "EXT 2002"]
[Source "ChessBase"]
[SourceDate "2001.11.25"]
[SourceVersion "1"]
[SourceVersionDate "2001.11.25"]
[SourceQuality "1"]

1. e4 e5 2. Nf3 Nc6 3. Bb5 a6 4. Ba4 Nf6 5. O-O b5 6. Bb3 Be7 7. Re1 O-O 8. d4 d6 9. c3 Bg4 10. d5 Na5 11. Bc2 c6 12. h3 Bxf3 13. Qxf3 Qc7 14. Nd2 b4 15. cxb4 cxd5 16. Bd3 Nc6 17. a3 1/2-1/2

[Event "47.Camp. Italiano ITA"]
[Site "Chianciano Terme ITA"]
[Date "1987.05.27"]
[Round "5"]
[White "Cassai, Paolo"]
[Black "Lanzani, Mario"]
[Result "1/2-1/2"]
[WhiteElo "2072"]
[BlackElo "2267"]
[Annotator "Gabriele Ballarin"]
[PlyCount "120"]
[EventDate "1987.05.23"]
[EventType "tourn"]
[EventRounds "13"]
[EventCountry "ITA"]
[SourceTitle "EXT 2002"]
[Source "ChessBase"]
[SourceDate "2001.11.25"]
[SourceVersion "1"]
[SourceVersionDate "2001.11.25"]
[SourceQuality "1"]

1. e4 e6 2. d4 d5 3. exd5 exd5 4. Nc3 Bb4 5. Bd3 Nc6 6. Nge2 Nge7 7. Bf4 Bf5 8. Bxf5 Nxf5 9. Qd3 Qd7 10. O-O-O O-O-O 11. a3 Ba5 12. Na4 Nce7 13. Nc5 Qc6 14. b4 Bb6 15. Nc3 Qg6 16. Qh3 h5 17. Rhe1 Qg4 18. Qxg4 hxg4 19. N5a4 Ng6 20. Nxb6+ axb6 21. Bg3 Nxg3 22. hxg3 Rh2 23. Rg1 Ne7 24. Kd2 Kd7 25. Rde1 Ra8 26. Re5 f6 27. Re3 Rxa3 28. Nxd5 Rxe3 29. Nxe3 f5 30. c4 g5 31. Kc3 Rh8 32. Ra1 Rh2 33. Ra8 Nc8 34. Kd3 f4 35. Nxg4 Rxg2 36. Ne5+ Kd8 37. gxf4 gxf4 38. f3 b5 39. cxb5 Rg8 40. Ke4 Ke7 41. Kxf4 Rd8 42. Ke3 Nd6 43. Rxd8 Kxd8 44. b6 cxb6 45. Kd3 b5 46. d5 Ke7 47. Kd4 b6 48. Ng4 Nc4 49. Ne3 Nd6 50. Ke5 Nc4+ 51. Kd4 Nd6 52. Nd1 Nc4 53. Nc3 Na3 54. Kd3 Kf6 55. Ke4 Nc2 56. Nxb5 Nxb4 57. Nd4 Ke7 58. Nb5 Kf6 59. f4 Nxd5 60. Kxd5 Kf5 1/2-1/2

[Event "47.Camp. Italiano ITA"]
[Site "Chianciano Terme ITA"]
[Date "1987.05.28"]
[Round "6"]
[White "De Eccher, Stefano"]
[Black "Passerotti, Pierluigi"]
[Result "1/2-1/2"]
[WhiteElo "2296"]
[BlackElo "2320"]
[Annotator "Gabriele Ballarin"]
[PlyCount "80"]
[EventDate "1987.05.23"]
[EventType "tourn"]
[EventRounds "13"]
[EventCountry "ITA"]
[SourceTitle "EXT 2002"]
[Source "ChessBase"]
[SourceDate "2001.11.25"]
[SourceVersion "1"]
[SourceVersionDate "2001.11.25"]
[SourceQuality "1"]

1. e4 c5 2. c4 Nc6 3. Nc3 g6 4. g3 Bg7 5. Bg2 d6 6. d3 Nd4 7. Nce2 b5 8. Nxd4 Bxd4 9. Ne2 Bg7 10. O-O bxc4 11. dxc4 Rb8 12. Qc2 Nh6 13. Rb1 O-O 14. b3 f5 15. Bb2 e5 16. f4 fxe4 17. fxe5 dxe5 18. Bxe4 Nf5 19. Bd5+ Kh8 20. Qe4 Nd4 21. Rxf8+ Qxf8 22. g4 Bd7 23. Rf1 Qd6 24. Nc1 Rf8 25. Rxf8+ Qxf8 26. Nd3 Qe7 27. Bc1 Qd6 28. Kg2 Ne6 29. h3 Bf6 30. Bxe6 Qxe6 31. Nxc5 Bc6 32. Nxe6 Bxe4+ 33. Kg3 Kg8 34. Be3 Bb1 35. a3 Ba2 36. g5 Be7 37. Nc5 Bxc5 38. Bxc5 Bxb3 39. Bxa7 Bxc4 40. Bb8 e4 1/2-1/2

[Event "47.Camp. Italiano ITA"]
[Site "Chianciano Terme ITA"]
[Date "1987.05.28"]
[Round "6"]
[White "Vallifuoco, Giacomo"]
[Black "Cassai, Paolo"]
[Result "1/2-1/2"]
[WhiteElo "2303"]
[BlackElo "2072"]
[Annotator "Gabriele Ballarin"]
[PlyCount "24"]
[EventDate "1987.05.23"]
[EventType "tourn"]
[EventRounds "13"]
[EventCountry "ITA"]

1. d4 f5 2. g3 e6 3. Bg2 d5 4. Nf3 Nf6 5. O-O c6 6. c4 Bd6 7. Qc2 O-O 8. Nbd2 Qe7 9. Ne5 Bxe5 10. dxe5 Ne4 11. Nf3 Bd7 12. b3 a5 1/2-1/2

[Event "47.Camp. Italiano ITA"]
[Site "Chianciano Terme ITA"]
[Date "1987.05.29"]
[Round "7"]
[White "Cassai, Paolo"]
[Black "Arlandi, Ennio"]
[Result "0-1"]
[WhiteElo "2072"]
[BlackElo "2325"]
[Annotator "Gabriele Ballarin"]
[PlyCount "82"]
[EventDate "1987.05.23"]
[EventType "tourn"]
[EventRounds "13"]
[EventCountry "ITA"]
[SourceTitle "EXT 2002"]
[Source "ChessBase"]
[SourceDate "2001.11.25"]
[SourceVersion "1"]
[SourceVersionDate "2001.11.25"]
[SourceQuality "1"]

1. e4 e5 2. Bc4 Nf6 3. d3 Nc6 4. Bg5 Be7 5. Nc3 O-O 6. Be3 Na5 7. Qd2 Nxc4 8. dxc4 Ng4 9. Nf3 Nxe3 10. Qxe3 Re8 11. O-O d6 12. Rad1 Bd7 13. Nd5 Bf8 14. b3 f5 15. exf5 Bxf5 16. Qd2 Bg4 17. Rde1 Bxf3 18. gxf3 Re6 19. Re4 c6 20. Nc3 Qf6 21. Qe2 b5 22. Rg4 bxc4 23. bxc4 Rb8 24. Ne4 Qe7 25. Qd3 Rh6 26. Ng5 Qf6 27. Kh1 Qg6 28. Qe3 Rb7 29. Rfg1 Qh5 30. R4g2 Qh4 31. Qe2 Rb4 32. c5 Qc4 33. Qd2 Qd4 34. Qc1 Qb2 35. Qd2 Qd4 36. Qc1 Qf4 37. Qa3 Ra4 38. Qb3+ d5 39. Qb7 Rxa2 40. Ne6 Qxf3 41. Nxg7 Rg6 0-1

[Event "47.Camp. Italiano ITA"]
[Site "Chianciano Terme ITA"]
[Date "1987.05.29"]
[Round "7"]
[White "Mantovani, Renzo"]
[Black "Anceschi, Vittorio"]
[Result "1-0"]
[WhiteElo "2260"]
[BlackElo "2262"]
[Annotator "Gabriele Ballarin"]
[PlyCount "81"]
[EventDate "1987.05.23"]
[EventType "tourn"]
[EventRounds "13"]
[EventCountry "ITA"]
[SourceTitle "EXT 2002"]
[Source "ChessBase"]
[SourceDate "2001.11.25"]
[SourceVersion "1"]
[SourceVersionDate "2001.11.25"]
[SourceQuality "1"]

{[%evp 0,77,31,31,47,13,39,32,47,34,16,22,25,53,61,63,53,84,53,35,23,15,42,15,0,-158,-200,-154,-154,-81,-3,-26,145,145,137,162,130,146,277,263,286,278,279,279,311,218,218,218,218,135,185,171,208,218,258,241,262,233,233,277,303,183,308,213,308,290,281,310,322,306,356,390,365,368,361,374,377,383,399,401]} 1. e4 e6 2. d4 d5 3. Nc3 Nf6 4. Bg5 Bb4 5. e5 h6 6. Bd2 Nfd7 7. Qg4 Bf8 8. Nf3 a6 9. Bd3 c5 10. O-O Nc6 11. Rae1 cxd4 12. Nxd5 exd5 13. Bg6 Nc5 14. e6 Bxe6 15. Rxe6+ Nxe6 16. Qxe6+ Qe7 17. Bxf7+ Kd8 18. Qxd5+ Kc7 19. Nxd4 Nxd4 20. Bf4+ Kb6 21. Qxd4+ Qc5 22. Qe4 Qb4 23. Be3+ Kc7 24. Bf4+ Kb6 25. Be3+ Kc7 26. Qg6 Rd8 27. c4 Kb8 28. Bd5 Bd6 29. Qxg7 Rhe8 30. Qd4 Be5 31. Qa7+ Kc7 32. b3 Bd6 33. Qd4 Re5 34. g3 h5 35. Rb1 Rxe3 36. Qxe3 Bc5 37. Qe5+ Kb6 38. Rf1 Ka7 39. Qxh5 Rf8 40. Qe2 Qb6 41. Kg2 1-0

[Event "47.Camp. Italiano ITA"]
[Site "Chianciano Terme ITA"]
[Date "1987.05.30"]
[Round "8"]
[White "Arlandi, Ennio"]
[Black "Lanzani, Mario"]
[Result "0-1"]
[WhiteElo "2325"]
[BlackElo "2267"]
[Annotator "Gabriele Ballarin"]
[PlyCount "77"]
[EventDate "1987.05.23"]
[EventType "tourn"]
[EventRounds "13"]
[EventCountry "ITA"]
[SourceTitle "EXT 2002"]
[Source "ChessBase"]
[SourceDate "2001.11.25"]
[SourceVersion "1"]
[SourceVersionDate "2001.11.25"]
[SourceQuality "1"]

{[%evp 0,76,34,12,17,0,28,13,13,11,11,14,31,27,18,9,22,13,53,23,22,29,35,27,32,28,12,10,-6,-5,16,-3,8,-1,25,0,-4,-4,-6,10,-27,-6,-6,-6,10,10,46,32,46,54,-74,0,0,0,0,0,0,-294,-283,-291,-297,-367,-400,-414,-424,-419,-419,-426,-424,-427,-424,-431,-431,-424,-437,-438,-410,-410,-474]} 1. d4 Nf6 2. c4 e5 3. dxe5 Ng4 4. Bf4 Nc6 5. Nf3 Bb4+ 6. Nbd2 Qe7 7. a3 Ngxe5 8. Nxe5 Nxe5 9. e3 Bxd2+ 10. Qxd2 d6 11. Be2 O-O 12. O-O b6 13. b4 Bb7 14. Rac1 Nd7 15. Rfe1 f5 16. Bg3 a5 17. f3 axb4 18. axb4 Ra3 19. Bd3 h5 20. e4 f4 21. Bf2 Ne5 22. Be2 h4 23. h3 Bxe4 24. fxe4 f3 25. Bf1 fxg2 26. Bxg2 Rd3 27. Qe2 Nf3+ 28. Kh1 Qe5 29. Bg1 Rd2 30. Bxf3 Rxe2 31. Bxe2 Qxe4+ 32. Kh2 Ra8 33. Bf2 Ra2 34. c5 Rxe2 35. Rxe2 Qxe2 36. Kg1 dxc5 37. bxc5 b5 38. Re1 Qc4 39. Re7 0-1

[Event "47.Camp. Italiano ITA"]
[Site "Chianciano Terme ITA"]
[Date "1987.05.30"]
[Round "8"]
[White "Bellia, Fabrizio"]
[Black "Martorelli, Antonio"]
[Result "1-0"]
[WhiteElo "2313"]
[BlackElo "2256"]
[Annotator "Gabriele Ballarin"]
[PlyCount "71"]
[EventDate "1987.05.23"]
[EventType "tourn"]
[EventRounds "13"]
[EventCountry "ITA"]

1. e4 c5 2. Nf3 e6 3. d4 cxd4 4. Nxd4 a6 5. Nc3 Qc7 6. Be2 b5 7. O-O Nc6 8. Re1 Nf6 9. Nxc6 dxc6 10. e5 Qxe5 11. Bxb5 Qc7 12. Bc4 Be7 13. Qf3 Bb7 14. Bf4 Bd6 15. Bxd6 Qxd6 16. Rad1 Qe7 17. Qg3 c5 18. Rd6 O-O 19. Rexe6 fxe6 20. Rxe6 Qxe6 21. Bxe6+ Kh8 22. Qc7 Rab8 23. h3 Ba8 24. b3 Rbe8 25. Qxc5 g6 26. Bc4 Re1+ 27. Kh2 Kg7 28. Bxa6 Rfe8 29. Bd3 Ra1 30. Qd4 Ree1 31. Qa7+ Kh6 32. Qxa8 Rh1+ 33. Kg3 Rae1 34. Qf8+ Kg5 35. f4+ Kh5 36. Qxf6 1-0

[Event "47.Camp. Italiano ITA"]
[Site "Chianciano Terme ITA"]
[Date "1987.05.30"]
[Round "8"]
[White "Braga, Fernando Alberto"]
[Black "Vallifuoco, Giacomo"]
[Result "1/2-1/2"]
[WhiteElo "2390"]
[BlackElo "2303"]
[Annotator "Gabriele Ballarin"]
[PlyCount "43"]
[EventDate "1987.05.23"]
[EventType "tourn"]
[EventRounds "13"]
[EventCountry "ITA"]

1. e4 c5 2. Nf3 e6 3. d4 cxd4 4. Nxd4 Nf6 5. Nc3 d6 6. Be2 a6 7. O-O Be7 8. f4 O-O 9. Kh1 Qc7 10. a4 Rd8 11. Qe1 b6 12. Qg3 Bb7 13. Bd3 Nbd7 14. f5 e5 15. Nde2 Kh8 16. Bg5 Re8 17. Qh4 h6 18. Rf3 Bf8 19. Raf1 Nh7 20. Be3 Ndf6 21. h3 Bc6 22. Qf2 1/2-1/2

[Event "47.Camp. Italiano ITA"]
[Site "Chianciano Terme ITA"]
[Date "1987.05.30"]
[Round "8"]
[White "Messa, Roberto"]
[Black "Cassai, Paolo"]
[Result "1-0"]
[WhiteElo "2346"]
[BlackElo "2072"]
[Annotator "Gabriele Ballarin"]
[PlyCount "81"]
[EventDate "1987.05.23"]
[EventType "tourn"]
[EventRounds "13"]
[EventCountry "ITA"]
[SourceTitle "EXT 2002"]
[Source "ChessBase"]
[SourceDate "2001.11.25"]
[SourceVersion "1"]
[SourceVersionDate "2001.11.25"]
[SourceQuality "1"]

1. e4 e5 2. Bc4 Nf6 3. Qe2 Nc6 4. c3 d5 5. exd5 Nxd5 6. d4 Nb6 7. Bb5 Be7 8. dxe5 O-O 9. Nf3 f6 10. Bxc6 bxc6 11. O-O Bg4 12. h3 Bf5 13. Nd4 fxe5 14. Nxc6 Qd6 15. Nxe7+ Qxe7 16. Nd2 Rad8 17. Ne4 h6 18. f3 Qh4 19. Bd2 Nd5 20. Rad1 Qe7 21. Qc4 Be6 22. Qc5 Qf7 23. b3 Qg6 24. Kh2 Nf6 25. Nxf6+ Qxf6 26. Be3 Rxd1 27. Rxd1 e4 28. fxe4 Qh4 29. Qxc7 Qxe4 30. Qg3 Rf6 31. c4 a5 32. Rd4 Qc2 33. Rd2 Qe4 34. Rf2 Rg6 35. Qf4 Qc6 36. Qf3 Qd6+ 37. Bf4 Qd4 38. Qe3 Qd7 39. Rd2 Qb7 40. Qe5 Kh7 41. Qxa5 1-0

[Event "47.Camp. Italiano ITA"]
[Site "Chianciano Terme ITA"]
[Date "1987.05.30"]
[Round "8"]
[White "Passerotti, Pierluigi"]
[Black "Godena, Michele"]
[Result "1/2-1/2"]
[WhiteElo "2320"]
[BlackElo "2366"]
[Annotator "Gabriele Ballarin"]
[PlyCount "116"]
[EventDate "1987.05.23"]
[EventType "tourn"]
[EventRounds "13"]
[EventCountry "ITA"]

1. d4 d5 2. c4 Nc6 3. Nc3 dxc4 4. d5 Na5 5. Qa4+ c6 6. b4 b5 7. Qxa5 Qxa5 8. bxa5 b4 9. Na4 cxd5 10. e4 e6 11. Be3 Bd7 12. Nc5 Nf6 13. Nxd7 Kxd7 14. exd5 exd5 15. g3 Kc6 16. Nf3 Kb5 17. Bg2 Re8 18. O-O Bc5 19. Nd4+ Ka4 20. Nc2 Bxe3 21. Nxe3 Rd8 22. Rfd1 Kxa5 23. Nxd5 Nxd5 24. Bxd5 Kb5 25. Bxf7 Rxd1+ 26. Rxd1 Rc8 27. Kf1 a5 28. Ke2 a4 29. Rd5+ Kb6 30. Rd4 Kb5 31. Kd2 a3 32. Kc2 Rc7 33. Rf4 h6 34. h4 g5 35. hxg5 hxg5 36. Rf5+ Kb6 37. Rf6+ Kc5 38. f4 Kd4 39. fxg5 b3+ 40. axb3 a2 41. Rf4+ Ke5 42. Kb2 c3+ 43. Kxa2 c2 44. Rf1 c1=Q 45. Rxc1 Rxc1 46. g6 Kf6 47. Ka3 Rg1 48. Ka4 Rxg3 49. b4 Ke7 50. Kb5 Kd6 51. Kb6 Rg5 52. b5 Kd7 53. Ka5 Kc7 54. Ka6 Rg4 55. b6+ Kb8 56. Kb5 Kb7 57. Bd5+ Kb8 58. Bf7 Kb7 1/2-1/2

[Event "47.Camp. Italiano ITA"]
[Site "Chianciano Terme ITA"]
[Date "1987.05.31"]
[Round "8"]
[White "Anceschi, Vittorio"]
[Black "Tatai, Stefano"]
[Result "1/2-1/2"]
[WhiteElo "2262"]
[BlackElo "2439"]
[Annotator "Gabriele Ballarin"]
[PlyCount "36"]
[EventDate "1987.05.23"]
[EventType "tourn"]
[EventRounds "13"]
[EventCountry "ITA"]

1. e4 g6 2. d4 Bg7 3. Bc4 d6 4. Nf3 c6 5. a4 Nf6 6. Nc3 O-O 7. Bb3 Na6 8. Qe2 Nc7 9. O-O Be6 10. Bxe6 Nxe6 11. Rd1 d5 12. e5 Ne8 13. b4 N8c7 14. Rb1 Qd7 15. Rb3 f5 16. Ne1 f4 17. f3 Bh6 18. Qf2 a6 1/2-1/2